00400nam a2200121Ia 4500008004100000245010600041260003500147260000900182300000800191650001800199650001500217856004600232170221s9999 xx 000 0 und d 4aThe Mediating Role of Visual-Verbal Redundancy on the Perceived Effectiveness of Antismoking Messages bThe Open Communication Journal c2012 a6 : xCommunication xMedia Arts uhttps://benthamopen.com/TOCOMMJ/VOLUME/6/